000 00295nam a22001457a 4500
999 _c9822
_d9822
003 OSt
005 20210204150413.0
008 210128b ||||| |||| 00| 0 eng d
040 _cDDC
050 _bES82F
082 _bES82F
100 _aEstrada, Chris
245 _aFinisher
942 _2ddc
_cBK